000 00685cam a2200217 a 4500
005 20131113052617.0
008 981207s2000 njua b 001 0 eng
020 _a0130122173
041 0 _aeng
080 _a339.138
100 1 _aKotler, Philip.
245 1 0 _aMarketing management /
_cPhilip Kotler.
250 _aMillennium ed.
260 _aUpper Saddle River, N.J. :
_bPrentice Hall,
_cc2000.
300 _axxxii, 718, [32] p. :
_bcol. ill. ;
_c26 cm.
440 4 _aThe Prentice Hall international series in marketing
500 _aPreface : f. XXV - XXXII
504 _aIncludes bibliographical references and indexes.
650 0 _aMarketingu
_xMenaxhment
942 _2udc
_cBK
999 _c297
_d297